Kannada bhasheya svaroopa: kannada bhasheya samagra kaipidi. (Record no. 106054)

MARC details
000 -LEADER
fixed length control field 00688nam a2200193Ia 4500
003 - CONTROL NUMBER IDENTIFIER
control field OSt
005 - DATE AND TIME OF LATEST TRANSACTION
control field 20250926154409.0
008 - FIXED-LENGTH DATA ELEMENTS--GENERAL INFORMATION
fixed length control field 210210b2002 xxu||||| |||| 00| 0 eng d
040 ## - CATALOGING SOURCE
Transcribing agency AL
041 ## - LANGUAGE CODE
Language code of text/sound track or separate title Kannada
082 ## - DEWEY DECIMAL CLASSIFICATION NUMBER
Classification number K494 SANK
100 ## - MAIN ENTRY--PERSONAL NAME
Personal name SANGAMESHA SAVADATTIMATA.
Dates associated with a name ಸಂಗಮೇಶ ಸವದತ್ತಿಮಠ
9 (RLIN) 240681
245 ## - TITLE STATEMENT
Title Kannada bhasheya svaroopa: kannada bhasheya samagra kaipidi.
Remainder of title ಕನ್ನಡ ಭಾಷೆಯ ಸ್ವರೂಪ: ಕನ್ನಡ ಭಾಷೆಯ ಸಮಗ್ರ ಕೈಪಿಡಿ.
260 ## - PUBLICATION, DISTRIBUTION, ETC.
Place of publication, distribution, etc. Kalaburagi
Name of publisher, distributor, etc. Rooparashmi Prakashana
Date of publication, distribution, etc. 2002
300 ## - PHYSICAL DESCRIPTION
Extent iv,148
690 ## - LOCAL SUBJECT ADDED ENTRY--TOPICAL TERM (OCLC, RLIN)
Topical term or geographic name as entry element Kannada Language
9 (RLIN) 240682
906 ## - LOCAL DATA ELEMENT F, LDF (RLIN)
a 059034
942 ## - ADDED ENTRY ELEMENTS (KOHA)
Source of classification or shelving scheme Dewey Decimal Classification
Koha item type Book
Holdings
Withdrawn status Lost status Source of classification or shelving scheme Damaged status Not for loan Collection code Home library Current library Date acquired Source of acquisition Cost, normal purchase price Total Checkouts Full call number Barcode Date last seen Price effective from Koha item type
    Dewey Decimal Classification     Kannada St Aloysius Library St Aloysius Library 02/17/2021 Athree Book Centre, Mangalore-01. 60.00   K494 SANK 059034 02/17/2021 02/17/2021 Book